Welcome to CU Library Online Public Access Catalogue (OPAC)

One Blood (Record no. 9515)

MARC details
000 -LEADER
fixed length control field 00458nam a22001697a 4500
005 - DATE AND TIME OF LATEST TRANSACTION
control field 20260422151447.0
008 - FIXED-LENGTH DATA ELEMENTS--GENERAL INFORMATION
fixed length control field 260422b |||||||| |||| 00| 0 eng d
020 ## - INTERNATIONAL STANDARD BOOK NUMBER
International Standard Book Number 0791414299
050 ## - LIBRARY OF CONGRESS CALL NUMBER
Classification number GR121
Item number .J2S63
100 ## - MAIN ENTRY--PERSONAL NAME
Personal name Sobo Elisa Jamine
245 ## - TITLE STATEMENT
Title One Blood
Remainder of title The jamaican body
260 ## - PUBLICATION, DISTRIBUTION, ETC.
Place of publication, distribution, etc. New York
Name of publisher, distributor, etc. State university of new york press
Date of publication, distribution, etc. c1993
300 ## - PHYSICAL DESCRIPTION
Extent vii,329p.,
500 ## - GENERAL NOTE
General note includes index
700 ## - ADDED ENTRY--PERSONAL NAME
Personal name Sobo Elisa Jamine
942 ## - ADDED ENTRY ELEMENTS (KOHA)
Source of classification or shelving scheme Library of Congress Classification
Koha item type Books
Suppress in OPAC No
999 ## -
-- 9515
-- 9515
Holdings
Withdrawn status Lost status Source of classification or shelving scheme Damaged status Not for loan Collection Home library Current library Shelving location Date acquired Total checkouts Full call number Barcode Date last seen Price effective from Koha item type
    Library of Congress Classification     Non-fiction Main Library (Kumasi) Main Library (Kumasi) General stacks 04/22/2026   GR121.J2S63 SOB bssk00000171 04/22/2026 04/22/2026 Books
© 2023-2024 Copyright: Central University Libraries. All Rights Reserved | Created by: Mahone Tech Office